| 000 | 00671nam a22002172 4500 | ||
|---|---|---|---|
| 001 | 0000008818 | ||
| 005 | 20151217155836.0 | ||
| 008 | 080610s xx 000 0 eng d | ||
| 020 |
_a996696925x : _cKES 300 |
||
| 040 |
_aKABU _cKABU |
||
| 100 | 1 |
_aKarauri, Mathew Adams. _@0000159582 |
|
| 245 | 1 | 4 |
_aThe Way I am : _bautobiography / _cMathew Adams Karauri. |
| 250 | _aRev. ed. | ||
| 260 |
_aNairobi : _bKarma, _c2006. |
||
| 300 | _a151 p. | ||
| 650 | 0 |
_aKarauri, Mathew Adams, 1947-. _@0000159583 |
|
| 650 | 0 |
_aKenya _xPolitics and government _y1978-. _@0000159584 |
|
| 908 | _a080610 | ||
| 950 | _@1 | ||
| 999 |
_c13127 _d13127 |
||